|
|
|
|
| LEADER |
00000nam a22000007a 4500 |
| 005 |
20190714153336.0 |
| 007 |
cr|||| |||| |
| 008 |
190714s2019 br |||||s|||| 00||0 por d |
| 020 |
|
|
|a 978-85-7789-423-9
|
| 035 |
|
|
|a 23856
|
| 040 |
|
|
|a vLex
|
| 090 |
|
|
|c 9033
|d 9033
|
| 100 |
1 |
|
|a Kist, Fabiana
|
| 245 |
1 |
1 |
|a O valor da vontade da vt̕ima de violn̊cia conjugal para a puniȯ̂ do agressor
|h [Recurso electrn̤ico] :
|b Oficialidade, oportunidade e justiȧ restaurativa /
|c Fabiana Kist
|
| 256 |
|
|
|a Servicio en ln̕ea
|
| 260 |
|
|
|a San Pablo:
|b JH Mizuno,
|c 2019
|
| 300 |
|
|
|a 1 recurso electrn̤ico
|
| 500 |
|
|
|a Qual ̌o valor a ser dado ̉vontade da vt̕ima de violn̊cia domštica e conjugal quanto ao processo criminal tendente ̉puniȯ̂ do seu agressor? Pode ou deve esta vt̕ima ter disponibilidade sobre ele, e em que grau? Essa ̌a questô problemt̀ica que guia a presente pesquisa, contextualizada na ampla conjuntura da violn̊cia de gn̊ero, e instigada pelo comportamento cambiante que muitas vt̕imas dessa violn̊cia apresentam: denunciam que foram agredidas e, em seguida, pretendem que o procedimento penal nô mais prossiga e, atendida a pretensô, voltam a queixar-se de nova e idn̊tica hostilidade. Nesse contexto, qual ̌o modelo ideal para a persecuȯ̂ penal desta violn̊cia, ou seja, por meio de aȯ̂ penal pb︢lica ou privada? Essa questô ̌explorada a partir da dicotomia entre os princp̕ios da oficialidade e da oportunidade no trato dos crimes nascidos das relaė̳s conjugais. Alm̌ disso, mas no mesmo contexto, sô objeto de investigaȯ̂ os instrumentos de soluȯ̂ de conflitos propostos pela justiȧ restaurativa, se eles tm̊ capacidade de ofertar respostas adequadas para os casos de violn̊cia conjugal. Um dos parḿetros tomados em consideraȯ̂ na busca dessas respostas sô os efeitos, em especial de ordem psicolg̤ica, que a violn̊cia conjugal impe̳ ̉vt̕ima.
|
| 506 |
1 |
|
|a Disponible solo en los productos indicados
|d vLex Global
|d vLex Global (Academic Edition, excluding Law Schools)
|d vLex Global (U.S. Academic Edition, Law Schools)
|d vLex Global (U.S. Academic Edition, excluding Law Schools)
|d vLex Global (Academic Edition, Law Schools)
|
| 650 |
0 |
4 |
|a Derecho Penal
|z Brasil
|
| 650 |
0 |
4 |
|a Procedimiento Penal
|z Brasil
|
| 740 |
0 |
|
|a vLex Libros (Servicio en ln̕ea)
|
| 856 |
4 |
0 |
|u http://vlex.com/source/valor-da-vontade-da-vitima-de-viol-ncia-conjugal-para-a-puni-o-do-agressor-oficialidade-oportunidade-e-justi-a-restaurativa-23856
|z Acceso restringido
|
| 942 |
|
|
|c BOOK
|
| 999 |
0 |
|
|a Criminal Law
|
| 999 |
0 |
|
|a Criminal Procedure
|